000 01260cam a22003014a 4500
999 _c16208
_d16208
001 14631599
005 20161109094623.0
008 061113s2008 cau b 000 0 eng
010 _a 2006938500
020 _a9780495095026
020 _a0495095028
040 _aDLC
_cDLC
_dDLC
050 0 0 _aR724 .I57 2008
082 0 0 _a174.2
_222
245 0 0 _aIntervention and reflection :
_bbasic issues in medical ethics /
_c[edited by] Ronald Munson.
250 _a8th ed.
260 _aBelmont, CA :
_bThomson Wadsworth,
_cc2008.
300 _axxiii, 791 p. ;
_c24 cm.
504 _aIncludes bibliographical references.
650 0 _aMedical ethics.
700 1 _aMunson, Ronald,
_d1939-
856 4 1 _3Table of contents only
_uhttp://www.loc.gov/catdir/toc/fy0714/2006938500.html
856 4 2 _3Publisher description
_uhttp://www.loc.gov/catdir/enhancements/fy1215/2006938500-d.html
856 4 2 _3Contributor biographical information
_uhttp://www.loc.gov/catdir/enhancements/fy1513/2006938500-b.html
906 _a7
_bcbc
_corignew
_d2
_eepcn
_f20
_gy-gencatlg
942 _2lcc
_cBOOKS
_hR724 .I57 2008